| 000 | 00785nam a22002297a 4500 | ||
|---|---|---|---|
| 003 | OSt | ||
| 005 | 20250812121212.0 | ||
| 008 | 250812t |||a|||| |||| 00| 0 spa d | ||
| 020 | _a9789585377431 | ||
| 037 | _bDonación | ||
| 040 |
_aCO-JMCR _bspa _cCO-JMCR _dCO-JMCR _erda |
||
| 041 | 0 | _aspa | |
| 082 | 0 | 4 |
_223 _a923.286 _bH65o |
| 100 | 1 |
_aOsorio Lozano, Nelson, _d[- 2024] _eautor. _944259 |
|
| 245 | 1 | 0 |
_aCarlos Holmes Trujillo : _bel deber y la vida / _cNelson Osorio Lozano. |
| 264 |
_aBogotá : _bEx Libris, _c2022. |
||
| 300 |
_a83 páginas : _bIlustraciones ; _c23 cm. |
||
| 650 | 2 | 4 |
_2JMCR _aPolíticos colombianos _vBiografías _944260 |
| 650 | 2 | 4 |
_2JMCR _aDiplomáticos colombianos _vBiografías _944261 |
| 650 | 2 | 4 |
_2JMCR _aAbogados colombianos _vBiografías _944262 |
| 942 |
_2ddc _cBK |
||
| 999 |
_c31062 _d17446 |
||